Hayat-e-Iqbal (Record no. 114)
| 000 -LEADER | |
|---|---|
| fixed length control field | 00496nam a2200181Ia 4500 |
| 003 - CONTROL NUMBER IDENTIFIER | |
| control field | LDD |
| 008 - FIXED-LENGTH DATA ELEMENTS--GENERAL INFORMATION | |
| fixed length control field | 181101s9999 xx 000 0 und d |
| 020 ## - INTERNATIONAL STANDARD BOOK NUMBER | |
| Terms of availability | 400.00 |
| 040 ## - CATALOGING SOURCE | |
| Transcribing agency | LDD |
| 100 ## - MAIN ENTRY--PERSONAL NAME | |
| Personal name | Niyazi, Syed Nazir |
| 245 #0 - TITLE STATEMENT | |
| Title | Hayat-e-Iqbal |
| Remainder of title | dana-e-raz |
| Statement of responsibility, etc. | Syed Nazir Niyazi |
| 260 ## - PUBLICATION, DISTRIBUTION, ETC. | |
| Place of publication, distribution, etc. | Delhi |
| Name of publisher, distributor, etc. | Abc Publishing House |
| Date of publication, distribution, etc. | 2014 |
| 300 ## - PHYSICAL DESCRIPTION | |
| Extent | 399p. |
| 901 ## - LOCAL DATA ELEMENT A, LDA (RLIN) | |
| a | 15920 |
| b | 17-03-2017 |
| 902 ## - LOCAL DATA ELEMENT B, LDB (RLIN) | |
| a | 2840 |
| b | 17-03-2017 |
| c | F |
| d | PIBD |
| e | 8U |
| 903 ## - LOCAL DATA ELEMENT C, LDC (RLIN) | |
| a | 20 |
| b | Reqst by : Mohd. Akbar |
| 942 ## - ADDED ENTRY ELEMENTS (KOHA) | |
| Source of classification or shelving scheme | Dewey Decimal Classification |
| Koha item type | Urdu Books |
| Withdrawn status | Lost status | Source of classification or shelving scheme | Damaged status | Not for loan | Home library | Current library | Cost, normal purchase price | Total Checkouts | Full call number | Barcode | Date last seen | Date last checked out | Cost, replacement price | Price effective from | Koha item type |
|---|---|---|---|---|---|---|---|---|---|---|---|---|---|---|---|
| No | Dewey Decimal Classification | Library and Documentation Division | Library and Documentation Division | 400.00 | 1 | 8U0.971 N654H | UR000075 | 08/22/2022 | 08/05/2022 | 400.00 | 11/01/2018 | Urdu Books |
